000 00755nam a2200277Ia 4500
005 20260324125444.0
008 008 260324s9999 xx 000 0 eng d
020 _a9781003419426
037 _aEBOOK
040 _aCRL
040 _beng
040 _cCRL
041 _2eng
041 _aeng
084 _qCRL
100 _aE. Jean Gubbins; Kristin S. McMillen; Joseph S. Renzulli; Rebecca D. Eckert; Catherine A. Little
_91178046
245 0 _aSystems and Models for Developing Programs for the Gifted and Talented
260 _bTaylor and Francis
260 _c2009
365 _a
365 _b350
856 _uhttp://www.taylorfrancis.com/books/9781003419426
942 _cEBOOK
999 _c1773325
_d1773325